000 00404nam a2200121Ia 4500
008 220616s9999||||xx |||||||||||||| ||und||
245 0 _aScientific and Engineering Applications Using MATLAB
546 _aEnglish[eng]
650 _aComputer modelling & simulation
700 _aPereira Leite, Emilson
856 _uhttps://mts.intechopen.com/storage/books/1024/authors_book/authors_book.pdf
942 _cEB
999 _c20288
_d20288